000 00894nam0a22002291 4500
001 rc\832588
005 20260407122854.0
035 _a(NLR Aleph) 006014576
090 _a7363969
_c7363969
100 _a20041129d1984 |||y0rusy50 ca
101 0 _arus
102 _aRU
105 _ay |||||||||
200 1 _aИмпериализм - источник войн. Империалистические агрессоры во главе с США - злейшие враги мира и безопасности народов
_e(В помощь лектору)
_fО-во "Знание" ТаджССР
210 _aДушанбе
_cБ. и.
_d1984
215 _a8 с.
_d21
712 0 2 _a"Знание", общество ТаджССР
_cДушанбе
_3RU\NLR\AUTH\889960143
_9416537
801 0 _aRU
_bNLR
_gpsbo
801 1 _aRU
_bELAR
_2rusmarc
852 _aNLR
_j84-6/4531
942 _cBOOK
980 _aNB